Think factory (Record no. 2394)

MARC details
000 -LEADER
fixed length control field 00718cam a22002417a 4500
005 - DATE AND TIME OF LATEST TRANSACTION
control field 20250814144302.0
020 ## - INTERNATIONAL STANDARD BOOK NUMBER
International Standard Book Number 9780439519137
040 ## - CATALOGING SOURCE
Original cataloging agency DLC
Transcribing agency DLC
Language of cataloging eng
050 00 - LIBRARY OF CONGRESS CALL NUMBER
Classification number MLCM 2006/41694
082 ## - DEWEY DECIMAL CLASSIFICATION NUMBER
Classification number 609
100 1# - MAIN ENTRY--PERSONAL NAME
Personal name Berger, Melvin
245 10 - TITLE STATEMENT
Title Think factory
Remainder of title amazing inventions /
Statement of responsibility, etc. by Melvin and Gilda Berger
250 ## - EDITION STATEMENT
Edition statement First printing, January 2006
260 ## - PUBLICATION, DISTRIBUTION, ETC.
Name of publisher, distributor, etc. Scholastic,
Date of publication, distribution, etc. 2006
Place of publication, distribution, etc. New York :
300 ## - PHYSICAL DESCRIPTION
Extent 47 pages
Other physical details Color illustrations
Dimensions 26 cm
505 ## - FORMATTED CONTENTS NOTE
Formatted contents note W <br/>
520 ## - SUMMARY, ETC.
Summary, etc. Presents a look at recent inventions that changed the world.
521 ## - TARGET AUDIENCE NOTE
Target audience note 880 <br/>
Source Lexile <br/>
521 ## - TARGET AUDIENCE NOTE
Target audience note W <br/>
Source Raz-Plus <br/>
906 ## - LOCAL DATA ELEMENT F, LDF (RLIN)
a 7
b cbc
c orignew
d 2
e ncip
f 20
g y-gencatlg
942 ## - ADDED ENTRY ELEMENTS (KOHA)
Source of classification or shelving scheme Dewey Decimal Classification
Koha item type Books
Suppress in OPAC No
999 ## -
-- 2394
-- 2394
Holdings
Withdrawn status Lost status Source of classification or shelving scheme Damaged status Not for loan Collection Home library Current library Shelving location Date acquired Total Checkouts Full call number Barcode Date last seen Price effective from Koha item type Copy number
    Dewey Decimal Classification     Non-Fiction Footprints International School Library Network Toul Tom Poung Campus Footprints International School Library Network Toul Tom Poung Campus TTP Secondary Non-Fiction Bookshelves 11/23/2023   MEL 609 MLCM 2006/41694 FISSE01424 11/23/2023 11/23/2023 Books  
    Dewey Decimal Classification     Non-Fiction Footprints International School Library Network Toul Tom Poung Campus Footprints International School Library Network Toul Tom Poung Campus TTP Secondary Non-Fiction Bookshelves 08/14/2025   MEL 609 MLCM 2006/41694 FISTK04776 08/14/2025 08/14/2025 Books 2